বাংলাদেশ জাতীয় গ্রন্থপুঞ্জি -২০১৩/ (Record no. 6645)
[ view plain ]
| 000 -LEADER | |
|---|---|
| fixed length control field | 00923nam a2200241 a 4500 |
| 001 - CONTROL NUMBER | |
| JCCL Control Number | 6645 |
| 003 - CONTROL NUMBER IDENTIFIER | |
| JCCL marc code | BD-JhCC |
| 005 - DATE AND TIME OF LATEST TRANSACTION | |
| control field | 20180128110232.0 |
| 008 - FIXED-LENGTH DATA ELEMENTS--GENERAL INFORMATION | |
| fixed length control field | 180127s2014 bg |||| |||| 001 0 ben d |
| 020 ## - INTERNATIONAL STANDARD BOOK NUMBER | |
| International Standard Book Number | 9789843377609 |
| 035 ## - SYSTEM CONTROL NUMBER | |
| system control number | (BD-JhCC) 6645 |
| 040 ## - CATALOGING SOURCE | |
| Original cataloging agency | BD-JhCC |
| Modifying agency | BD-JhCC |
| 041 ## - LANGUAGE CODE | |
| Language code of Book | ben |
| 082 ## - DEWEY DECIMAL CLASSIFICATION NUMBER | |
| Author mark and Year | BAN 2014 |
| Classification number | 050.16 |
| 245 ## - TITLE STATEMENT | |
| Title | বাংলাদেশ জাতীয় গ্রন্থপুঞ্জি -২০১৩/ |
| Statement of responsibility, etc | মোঃ শাহাব উদ্দিন খান, |
| 260 ## - PUBLICATION, DISTRIBUTION, ETC. (IMPRINT) | |
| Place of publication, distribution, etc | ঢাকা : |
| Name of publisher, distributor, etc | বাংলাদেশ ন্যাশনাল লাইব্রেরি, |
| Date of publication, distribution, etc | ২০১৬. |
| 300 ## - PHYSICAL DESCRIPTION | |
| Pagination | ৫৪৯ পৃ . : |
| Dimensions | ২৪ সেমি. |
| 650 ## - SUBJECT ADDED ENTRY--TOPICAL TERM | |
| Topical term or geographic name as entry element | Bibliographics |
| 700 ## - ADDED ENTRY--PERSONAL NAME | |
| Personal name | খান, মোঃ শাহাব উদ্দিন |
| 710 ## - ADDED ENTRY--CORPORATE NAME | |
| Corporate name or jurisdiction name as entry element | আরকাইভস ও গ্রন্থাগার অধিদপ্তর |
| 942 ## - ADDED ENTRY ELEMENTS (KOHA) | |
| Source of classification or shelving scheme | Dewey Decimal Classification |
| Koha item type | Books |
| Source of classification or shelving scheme | Damaged status | Not for loan | Home library | Current library | Shelving location | Total Checkouts | Full call number | Barcode | Date last seen | Copy number | Koha item type |
|---|---|---|---|---|---|---|---|---|---|---|---|
| Dewey Decimal Classification | Not For Loan | JCC Rouf Library | JCC Rouf Library | General Stacks | 050.16 BAN 2014 | 9194 | 01/27/2018 | C - 1 | Books |